| Tag |
First Indicator |
Second Indicator |
Subfields |
| LEADER |
00000cam a2200000 i 4500 |
| 001 |
in00000152821 |
| 005 |
20151008080130.0 |
| 008 |
750306s1974 enkb b 00110 eng |
| 010 |
|
|
|a 75305182
|
| 015 |
|
|
|a GB***
|
| 020 |
|
|
|a 0198151438 :
|c 6.50
|
| 035 |
|
|
|a (OCoLC)01242111
|
| 035 |
|
|
|9 AAT2395AM
|
| 040 |
|
|
|a DLC
|c DLC
|d TXA
|d UtOrBLW
|
| 041 |
1 |
|
|a eng
|a sso
|
| 049 |
|
|
|a TXAM
|c [1234105]
|
| 050 |
0 |
0 |
|a PL8689.7
|b .D3
|
| 082 |
0 |
|
|a 896.36
|
| 100 |
1 |
|
|a Damane, M.
|
| 245 |
1 |
0 |
|a Lithoko :
|b Sotho praise-poems /
|c edited and translated with an introduction and notes by M. Damane and P. B. Sanders.
|
| 264 |
|
1 |
|a Oxford :
|b Clarendon Press,
|c 1974.
|
| 300 |
|
|
|a xv, 289 pages :
|b map ;
|c 23 cm.
|
| 336 |
|
|
|a text
|b txt
|2 rdacontent
|
| 337 |
|
|
|a unmediated
|b n
|2 rdamedia
|
| 338 |
|
|
|a volume
|b nc
|2 rdacarrier
|
| 490 |
1 |
|
|a The Oxford library of African literature
|
| 500 |
|
|
|a Includes index.
|
| 504 |
|
|
|a Bibliography: page [274].
|
| 650 |
|
0 |
|a Sotho poetry
|x Translations into English.
|
| 650 |
|
0 |
|a English poetry
|x Translations from Sotho.
|
| 700 |
1 |
|
|a Sanders, P. B.
|q (Peter B.)
|
| 830 |
|
0 |
|a Oxford library of African literature.
|
| 999 |
|
|
|a MARS
|
| 999 |
f |
f |
|s 8621cacb-9fb6-382f-bb4f-1e5955b84356
|i 54f8a923-a2d5-33c9-8c1e-0afe610ea0b6
|t 0
|
| 952 |
f |
f |
|p ric
|a Texas A&M University
|b Rellis Campus
|c Joint Library Facility
|d Remote Storage
|t 0
|e PL8689.7 .D3
|h Library of Congress classification
|i unmediated -- volume
|m A14803651718
|
| 998 |
f |
f |
|a PL8689.7 .D3
|t 0
|l Remote Storage
|